Normal view
MARC view
- Agpalo, Remigio E.
Entry Personal Name
001 - CONTROL NUMBER
- control field: 41698
003 - CONTROL NUMBER IDENTIFIER
- control field: OSt
005 - DATE AND TIME OF LATEST TRANSACTION
- control field: 20200206100130.0
008 - FIXED-LENGTH DATA ELEMENTS
- fixed length control field: 200206|| aca||aabn | a|a d
040 ## - CATALOGING SOURCE
- Original cataloging agency: OSt
- Transcribing agency: OSt
100 ## - HEADING--PERSONAL NAME
- Personal name: Agpalo, Remigio E.
- Relator term: Author
670 ## - SOURCE DATA FOUND
- Source citation: Work cat.: (OSt): Agpalo, Remigio E. Author, Adventures in Political Science;, ©1996
